Etnická identita a identifikácia slovenskej minority v Chorvátsku cez inštitúciu Ples Slovákov

Bibliographic Details
Main Author: Kralj, Sandra (Author)
Format: Article
Language:Slovak
ISSN:1335-1303
Subjects:

MARC

LEADER 00000nab a2200000 a 4500
001 vtls009528447
003 SK-MaSNL
005 20260304152833.0
008 250506c2007 xo qr|p|||||||000 b|slo
015 |a SNBRB2009/06  |2 snkbucl 
035 |a (uuid)a7e54249-b52a-47d0-8552-37085d290045 
035 |a urn:nbn:sk:snk-ab14je 
035 |a (urnnbn)urn:nbn:sk:snk:ar-a03a1f 
038 |a SNKBUCL 
040 |a SNKBUCL  |b slo  |c SNKBUCL  |e AACR2 
041 0 |a slo 
044 |a xo  |c SK 
080 |a 316.022.4(=162.4)(497.13)  |2 1997 
080 |a 301.152:323.1  |2 1997 
100 1 |a Kralj, Sandra  |4 aut  |9 541873 
245 1 0 |a Etnická identita a identifikácia slovenskej minority v Chorvátsku cez inštitúciu Ples Slovákov  |c Sandra Kralj 
504 |a Bibliogr. odkazy 
546 |a Res. angl. 
650 0 7 |a Slováci v zahraničí  |2 snkbucl  |9 14695 
650 0 7 |a etnicita  |2 snkbucl  |9 4899 
651 7 |a Chorvátsko  |2 snkbucl  |9 16553 
773 0 |t Slovenský národopis  |g Roč. 55, č. 3 (2007), s. 325-335  |x 1335-1303 
850 |a Slovenská národná knižnica 
852 |a Slovenská národná knižnica 
954 |a odborná, vedecká literatúra pôvodná (slovenská)  |2 lita 
958 |a article27 
958 |a NB 
958 |a OND 
958 |a EUIPO 
999 |c 2951345  |d 2953275